000 00843nam a2200253 i 4500
003 DO-SdBNP
005 20240322102612.0
007 ta
008 240322b2007 dr ||||| |||| 00| 0 spa d
040 _aDO-SdBNP
_bspa
_cBNPHU
_erda
082 4 _bR426l
_222
110 2 _aRepública Dominicana
_9447
240 1 0 _a[ Leyes, etc.]
245 1 0 _aLey No. 176-07 del Distrito Nacional y los Municipios :
_b(promulgada el 17 de julio del 2007) /
_cresponsable L. Almanzor González Canahuate
264 1 _aSanto Domingo :
_bCentenario,
_c2007.
300 _a202 páginas
_c23 cm.
336 _2rdacontent
_atexto
_btxt
337 _2rdamedia
_asin mediación
_bn
338 _2rdacarrier
_avolumen
_bnc
590 _aInventariado,2024/ YL
700 _aGonzález Canahuate, L. Almanzor
_eresponsable
_95213
910 _aYLockward
942 _2ddc
_cLBS1
999 _c56182
_d56182